Zadymiarze w Brawl Stars (02.2026) - Statystyki

Ogólne statystyki
  • Ten quiz został rozwiązany 698 razy
    380 od ostatniego zresetowania
  • Średni wynik to 38 z 99
Statystyki odpowiedzi
Rzadkość Zadymiarz % Poprawnych
Zadymiarz Początkowy Shelly
95%
Rzadki Colt
91%
Rzadki Nita
84%
Rzadki Bull
83%
Legendarny Leon
79%
Legendarny Kruk
78%
Legendarny Spike
78%
Ultra Legendarny Kaze
74%
Rzadki El Primo
72%
Rzadki Rosa
72%
Rzadki Poco
69%
Rzadki Barley
68%
Bardzo Rzadki Jessie
66%
Rzadki Brock
65%
Bardzo Rzadki Rico
61%
Bardzo Rzadki Dynamike
60%
Epicki Edgar
60%
Mityczny Mortis
60%
Bardzo Rzadki Tick
56%
Legendarny Amber
55%
Epicki Bibi
55%
Legendarny Sandy
55%
Legendarny Kit
54%
Legendarny Surge
54%
Legendarny Meg
53%
Bardzo Rzadki Darryl
52%
Epicki Frank
51%
Epicki Emz
50%
Epicki Piper
50%
Mityczny Buzz
49%
Bardzo Rzadki 8-Bitowiec
48%
Epicki Bo
48%
Bardzo Rzadki Penny
48%
Epicki Mandy
45%
Bardzo Rzadki Carl
43%
Legendarny Chester
43%
Bardzo Rzadki Jacky
43%
Legendarny Kenji
43%
Mityczny Tara
43%
Bardzo Rzadki Gus
42%
Epicki Bea
41%
Mityczny Kieł
41%
Legendarny Cordelius
40%
Epicki Pam
40%
Legendarny Draco
37%
Epicki Collette
35%
Mityczny Gene
35%
Epicki Stu
35%
Mityczny Mico
34%
Epicki Gale
33%
Mityczny Maks
31%
Legendarny Pierce
29%
Mityczny Byron
28%
Epicki Grom
28%
Mityczny Kiełek
28%
Mityczny Lou
28%
Epicki Angelo
27%
Epicki Griff
27%
Epicki Nani
27%
Mityczny Janet
26%
Epicki Sam
26%
Epicki Belle
25%
Epicki Bonnie
24%
Epicki Hank
24%
Mityczny Pan P
24%
Mityczny Ruffs
24%
Mityczny Melodie
23%
Epicki Berry
22%
Mityczny Eve
22%
Mityczny Glowbert
22%
Mityczny Gray
22%
Mityczny Mina
22%
Mityczny Charlie
21%
Mityczny Gigi
21%
Mityczny Juju
21%
Mityczny Lily
21%
Epicki Lola
21%
Epicki Perła
21%
Mityczny R-T
21%
Epicki Shade
21%
Mityczny Moe
20%
Epicki Trunk
20%
Epicki Ash
19%
Mityczny Chuck
19%
Epicki Maisie
19%
Mityczny Willow
19%
Mityczny Doug
18%
Mityczny Lumi
18%
Mityczny Otis
18%
Mityczny Clancy
17%
Mityczny Finx
17%
Mityczny Ollie
17%
Mityczny Ziggy
17%
Mityczny Alli
16%
Mityczny Squeak
13%
Mityczny Buster
12%
Epicki Larry i Lawrie
12%
Epicki Meeple
11%
Mityczny Jae-Yong
9%
Nie znaleziono quizów pasujących do podanych kryteriów
Rozkład punktacji
Procent ludzi z każdym wynikiem
Percentyl według liczby udzielonych odpowiedzi
Twoja historia wyników
Nie rozwiązałeś tego quizu od ostatniego zresetowania